000
00268nam a2200109Ia 4500
005
20251222144821.0
008
251222s9999||||xx |||||||||||||| ||spa||
020
_a
2-901-428-42-8
082
_a
709.040.32/M98
245
0
_a
Quatre-vingts dessins de zadkine
942
_c
LIB
999
_c
20496
_d
20496